Commodity note: Coir rope (Record no. 22326)

MARC details
000 -LEADER
fixed length control field 00292nam a2200121Ia 4500
082 ## - DEWEY DECIMAL CLASSIFICATION NUMBER
Classification number 633.5
Item number IND
245 #0 - TITLE STATEMENT
Title Commodity note: Coir rope
260 ## - PUBLICATION, DISTRIBUTION, ETC. (IMPRINT)
Place of publication Cochin
Name of publisher Coir board
Year of publication 1969
650 ## - SUBJECT ADDED ENTRY--TOPICAL TERM
Topical Term Coir rope
650 ## - SUBJECT ADDED ENTRY--TOPICAL TERM
Topical Term World output
942 ## - ADDED ENTRY ELEMENTS (KOHA)
Koha item type Books
Holdings
Withdrawn status Lost status Damaged status Not for loan Home library Current library Date acquired Full call number Accession Number Koha item type
        RRII Library RRII Library 16/12/2021 633.5 IND 03047 Books